Arizona Cities A-Z - Statistics

General Stats
  • This quiz has been taken 102 times
    63 since last reset
  • The average score is 11 of 19
Answer Stats
Population Municipality or CDP % Correct
P 1,608,139 Phoenix
100%
T 542,629 Tucson
94%
F 76,831 Flagstaff
90%
M 504,258 Mesa
90%
Y 95,548 Yuma
87%
C 275,987 Chandler
83%
S 241,361 Scottsdale
83%
G 267,918 Gilbert
81%
L 57,144 Lake Havasu City
67%
B 91,502 Buckeye
60%
A 89,334 Avondale
58%
K 32,689 Kingman
56%
Q 59,519 Queen Creek
56%
N 19,770 Nogales
31%
O 47,070 Oro Valley
27%
E 35,805 El Mirage
17%
V 14,101 Valencia West
6%
D 27,523 Drexel Heights
4%
R 20,549 Rio Rico
4%
No matching quizzes found
Score Distribution
Percent of People with Each Score
Percentile by Number Answered
Your Score History
You have not taken this quiz since the last reset